Arrow trouvera tu tout les méchants ? Mort Subite - Statistiques

Statistiques générales
  • Ce quiz a été pris 178 fois
    163 depuis la dernière actualisation
  • Le résultat moyen est 11 sur 19
Answers on the Grid
Answers color-coded by a green-red scale on the quiz's grid according to % correct below.
Cupidon
Helena
Flash
Anti-Moniteur
Slade Wilson
Malcolm Merlyn
Oliver Queen
Curtis Holt
Sebastian Blood
Quentin Lance
Talia Al Ghul
Ricardo Diaz
Roy Harper
Fyers
Théa Queen
Ra's Al Ghul
Tommy Merlyn
Vigilante
Adrian Chase
Tobias Church
Comte Vertigo
Damien Darhk
Joker
Deadshot
Shado
Emiko
Wild Dog
Cayden James
John Diggle
Brick
 
Statistiques - réponses
Réponse % Correct
Ra's Al Ghul
68%
Sebastian Blood
68%
Slade Wilson
68%
Damien Darhk
67%
Deadshot
66%
Malcolm Merlyn
64%
Adrian Chase
62%
Comte Vertigo
61%
Ricardo Diaz
60%
Cupidon
59%
Talia Al Ghul
58%
Tobias Church
54%
Helena
52%
Cayden James
48%
Vigilante
48%
Anti-Moniteur
45%
Brick
43%
Emiko
42%
Fyers
42%
Aucun quiz correspondant
Distribution des résultats
% des personnes avec chaque résultat
Percentile par nombre de réponses
Votre historique - résultats
Vous n’avez pas pris ce quiz depuis la dernière actualisation